Ammonia booklet (Record no. 71429)
[ view plain ]
| 000 -LEADER | |
|---|---|
| fixed length control field | 00929cam a2200205 4500 |
| 001 - CONTROL NUMBER | |
| control field | WB3839-11 |
| 008 - FIXED-LENGTH DATA ELEMENTS--GENERAL INFORMATION | |
| fixed length control field | 021024n2002 000 0 eng u |
| 035 ## - SYSTEM CONTROL NUMBER | |
| System control number | (Sirsi) u120238 |
| 245 ## - TITLE STATEMENT | |
| Title | Ammonia booklet |
| 260 ## - PUBLICATION, DISTRIBUTION, ETC. | |
| Date of publication, distribution, etc. | 2002 |
| 490 ## - SERIES STATEMENT | |
| Series statement | DEFRA News Release |
| Volume/sequential designation | (421/02) 18 October 2002, (3) |
| 520 ## - SUMMARY, ETC. | |
| Summary, etc. | A Defra booklet is published which is designed to highlight the widespread environmental damage caused by ammonia emissions. Includes maps, photographs and diagrams and it will be issued to environmental and farming groups. For the DEFRA Press Release: http://www.rics.org/ricscms/bin/show?class=News&template=/includes/shownews.html&id=3993 For the full booklet: http://www.defra.gov.uk/environment/airquality/ammonia/index.htm |
| 590 ## - LOCAL NOTE (RLIN) | |
| Local note | WB |
| 650 ## - SUBJECT ADDED ENTRY--TOPICAL TERM | |
| Topical term or geographic name entry element | DEFRA |
| 650 ## - SUBJECT ADDED ENTRY--TOPICAL TERM | |
| Topical term or geographic name entry element | AMMONIA |
| 650 ## - SUBJECT ADDED ENTRY--TOPICAL TERM | |
| Topical term or geographic name entry element | ENVIRONMENTAL DAMAGE |
| 650 ## - SUBJECT ADDED ENTRY--TOPICAL TERM | |
| Topical term or geographic name entry element | ENVIRONMENTAL POLLUTION |
| 690 ## - LOCAL SUBJECT ADDED ENTRY--TOPICAL TERM (OCLC, RLIN) | |
| Topical term or geographic name as entry element | ENVIRONMENT-CONTAMINATION |
| 942 ## - ADDED ENTRY ELEMENTS (KOHA) | |
| Suppress in OPAC | 0 |
| Withdrawn status | Lost status | Source of classification or shelving scheme | Damaged status | Not for loan | Home library | Current library | Shelving location | Date acquired | Total Checkouts | Full call number | Barcode | Date last seen | Copy number | Price effective from | Koha item type |
|---|---|---|---|---|---|---|---|---|---|---|---|---|---|---|---|
| Dewey Decimal Classification | London | London | News article | 24/10/2002 | WB3839-11 | 120238-1001 | 06/08/2019 | 1 | 06/08/2019 | News article |